The excess liquidity of commercial banking in Ethopia (Record no. 4283)

000 -LEADER
fixed length control field 00366pab a2200133 454500
008 - FIXED-LENGTH DATA ELEMENTS--GENERAL INFORMATION
fixed length control field 180718b1988 xxu||||| |||| 00| 0 eng d
100 ## - MAIN ENTRY--PERSONAL NAME
Personal name Antonio, Marco Di
245 ## - TITLE STATEMENT
Title The excess liquidity of commercial banking in Ethopia
260 ## - PUBLICATION, DISTRIBUTION, ETC.
Date of publication, distribution, etc. 1988
300 ## - PHYSICAL DESCRIPTION
Extent 71-101
650 ## - SUBJECT ADDED ENTRY--TOPICAL TERM
Topical term or geographic name entry element Banks - Ethopia
773 ## - HOST ITEM ENTRY
Main entry heading African Review of Money Finance and Banking
909 ## -
-- 4283
Holdings
Withdrawn status Lost status Damaged status Not for loan Permanent Location Current Location Date acquired Serial Enumeration / chronology Barcode Date last seen Price effective from Koha item type
        Indian Institute of Public Administration Indian Institute of Public Administration 2018-07-19 Issue no: 1 AR4286 2018-07-19 2018-07-19 Articles

Powered by Koha